000
00256nam a22001217a 4500
008
170911b xxu||||| |||| 00| 0 eng d
041
_a
eng
080
_a
91
100
_a
42
101
_a
GEO
245
_a
OPTICAL MINEROLOGY
_c
KER.P.F
942
_2
udc
_c
BK
999
_c
27236
_d
27236